Завист (Запис номер 91390)
[ съкратено ]
| 000 -Лидер | |
|---|---|
| Контролно поле с фиксирана дължина | 01602nam a2200385 a 4500 |
| 003 - Код на организацията, давaща контролен номер | |
| Контролно поле | BLK |
| 005 - Дата и час на последна редакция | |
| Контролно поле | 20250721092901.0 |
| 008 - Елементи от данни с фиксирана дължина | |
| fixed length control field | 180408b bul|||||r ||||||| ||bul|| |
| 010 ## - Наследен системен номер | |
| LC control number | KNG00096147000 |
| 020 ## - Международен стандартен номер на книга ISBN | |
| Международен стандартен номер на книга ISBN | 978-954-9625-40-0 |
| 040 ## - Източник на каталожния запис | |
| Идентификатор на билиотеката - собственик на записа | BLK |
| 041 ## - Код за език | |
| Код за езика на текст/звукозапис или на отделно заглавие | Български |
| Код за езика КДБФ | Български |
| 072 #7 - Код за тематичната категория | |
| Код организация | bullib |
| Код за тематична категория | Н83 |
| Текст | Чужда художествена литература Н |
| 080 ## - УДК | |
| Текстов определител УДК | Американска литература (на САЩ) |
| УДК код - определител по УДК | 821.111(73) |
| УДК определител | -31 |
| УДК - код + определител | 821.111(73)-31 |
| 100 ## - Редна дума - Автор | |
| Автор | Браун, Сандра |
| Дати, свързани с автора | 1948- |
| Автор - информация (биография) | Американска писателка |
| Авторска отговорност | първи автор |
| R(LIN) | 241650 |
| 139 ## - Редно поле | |
| Редна дума | Браун, Сандра |
| Авторски знак | Брат - Б 78 |
| 245 10 - Сведения за заглавието | |
| Заглавие | Завист |
| Подзаглавни данни | Роман |
| Редно поле (дума) | Сандра Браун; прев. Славянка Мундрова |
| 250 ## - Област на изданието | |
| Сведения за изданието | 2. изд. |
| 257 ## - Страна на издаване | |
| Страна на създаване/издаване | Съединени американски щати |
| 260 ## - Област на издателските данни | |
| Място на издаване, разпространение и проч. | София |
| Име на издателя, разпространителя и проч. | Ергон |
| Година на издаване | 2010 |
| Печатница | София : Инвестпрес |
| 300 ## - Физическа характеристика | |
| Страници | 432 с. |
| Размери/Мащаб | 20 см |
| 380 ## - Жанр | |
| Жанр | Худож. лит. |
| 490 ## - СЕРИИ (Колекции) | |
| Име на серия | Библиотека Любов и Съдба |
| 9 (RLIN) | 201120 |
| 500 ## - Общи забележки | |
| Забележка | 1. изд. 2001 на изд. Коала. - Ориг. загл. Envy / Sandra Brawn. - Офс. изд. |
| 653 ## - Ключова дума – ненормативна | |
| Ключова дума | романтична проза |
| 659 ## - Тематичен бюлетин | |
| Тематичен бюлетин | Н |
| 700 1# - Други автори (авторска отговорност) | |
| Лично име | Мундрова, Славянка Димитрова |
| Автороска отговорност (Описва отношението между автора и произведението) | прев. |
| Друга информация | Мундрова-Неделчева, Славянка Димитрова |
| 9 (RLIN) | 364741 |
| 852 ## - Местоположение | |
| Форматна сигнатура | Цб 248108 |
| 856 4# - Електронен адрес и достъп | |
| Електронен формат | pdf - файл |
| Инструкция (цена за достъп) | 0.00 |
| Права за достъп | disable |
| 856 4# - Електронен адрес и достъп | |
| Електронен формат | pdf - файл |
| Инструкция (цена за достъп) | 0.00 |
| Права за достъп | disable |
| 999 ## - СИСТЕМНИ КОНТРОЛНИ НОМЕРА | |
| Koha biblionumber | 91390 |
| Koha biblioitemnumber | 91390 |
| 942 ## - АРТИКУЛИ | |
| Вид на библиотечния материал | Книги |
| Скрит в OPAC | Не |
| Koha issues (borrowed), all copies | 111 |
| Периодичен библиозапис | Да |
| 944 ## - СЪЗДАВАНЕ И РЕДАКЦИЯ на ЗАПИСА | |
| Създаване/Редакция | Създаване |
| Дата на регистрацията/редакция | 17.05.2010 |
| Статус, дата на статуса | Христина Везирева |
| Служител, извършил регистрацията/редакцията | 30535 |
| 944 ## - СЪЗДАВАНЕ И РЕДАКЦИЯ на ЗАПИСА | |
| Създаване/Редакция | Редакция |
| Дата на регистрацията/редакция | 12.04.2013 |
| Статус, дата на статуса | ф / |
| 999 ## - СИСТЕМНИ КОНТРОЛНИ НОМЕРА | |
| Koha biblioitemnumber | 91390 |
| Код за отписване | Код за изгубен артикул | Източник на класификационната схема | Код за повреда | Коз за рестрикции | Код за отдаване | Артикулен № | Име на библиотеката - собственик | Име на библиотеката, в която се намира в момента | Статус (Текущо местоположение) | Дата на вписване в системата | Местоположение - отдел | Цена в лева | Инвентарен номер | Систематично азбучна сигнатура | Баркод | Номер на екземпляра | Цена в евро | Служебна бележка | Служебен тип на артикула |
|---|---|---|---|---|---|---|---|---|---|---|---|---|---|---|---|---|---|---|---|
| Изтеглен | Не е изгубен | Universal Decimal Classification | Не е повреден | без рестрикции | заемане за дома | 147364 | Регионална библиотека "Любен Каравелов" Русе | Регионална библиотека "Любен Каравелов" Русе | Заемна - подръчен фонд | 2010-05-18 | Заемна - подръчен фонд | 12.99 | 120000744387 | П 820(73)-31/Б 78 | 120000744387 | 1 | 6.64 | Дост: Pk Вид: Ф N: 27777 Дата: 18.05.2010 Дата инв: 19.02.2018 Бележки инв: П2018 | Книги |
| Изтеглен | Не е изгубен | Universal Decimal Classification | Не е повреден | без рестрикции | заемане за дома | 147365 | Регионална библиотека "Любен Каравелов" Русе | Регионална библиотека "Любен Каравелов" Русе | Заемна - подръчен фонд | 2013-04-05 | Заемна - подръчен фонд | 12.99 | 120000765526 | П 820(73)-31/Б 78 | 120000765526 | 2 | 6.64 | Дост: DA Вид: А N: 4 Дата: 05.04.2013 Дата инв: 12.03.2018 Бележки инв: П2018 | Книги |
| Не е изгубен | Universal Decimal Classification | Не е повреден | само за читалня | ползва се в читалня | 926727 | Регионална библиотека "Любен Каравелов" Русе | Регионална библиотека "Любен Каравелов" Русе | Хранилище | 2023-04-05 | Основен фонд - ползва се само за читалня | 12.99 | 120000885981 | Цб 317285 | 120000885981 | 6.64 | Книги | |||
| Не е изгубен | Universal Decimal Classification | Не е повреден | заемане за дома | 933070 | Регионална библиотека "Любен Каравелов" Русе | Регионална библиотека "Любен Каравелов" Русе | Заемна - подръчен фонд | 2023-08-21 | Заемна - подръчен фонд | 12.99 | 120000892242 | 821-31/Б 78 С | 120000892242 | 6.64 | Книги | ||||
| Не е изгубен | Universal Decimal Classification | Не е повреден | заемане за дома | 938321 | Регионална библиотека "Любен Каравелов" Русе | Регионална библиотека "Любен Каравелов" Русе | Заемна - подръчен фонд | 2024-01-03 | Заемна - подръчен фонд | 8.00 | 120000897301 | 821-31/Б 78 С | 120000897301 | 4.09 | Книги |